ALL Drag Race España: All Stars Queens - Statistics

General Stats
  • This quiz has been taken 55 times
    50 since last reset
  • The average score is 9 of 9
Answer Stats
Season Placement Drag Queen % Correct
🇪🇸 Drag Race España: All Stars ⭐️-Season 1- 🏆 WINNER 🏆 Drag Sethlas
100%
🇪🇸 Drag Race España: All Stars ⭐️-Season 1- 7th Pakita
100%
🇪🇸 Drag Race España: All Stars ⭐️-Season 1- 9th Pink Chadora
97%
🇪🇸 Drag Race España: All Stars ⭐️-Season 1- 5th Pupi Poisson
97%
🇪🇸 Drag Race España: All Stars ⭐️-Season 1- 6th Sagittaria
97%
🇪🇸 Drag Race España: All Stars ⭐️-Season 1- 🥈 Runner-Up 🥈 💐 Miss Congeniality 💐 Samantha Ballentines
97%
🇪🇸 Drag Race España: All Stars ⭐️-Season 1- 8th Onyx Unleashed
94%
🇪🇸 Drag Race España: All Stars ⭐️-Season 1- 3rd/4th Hornella Góngora
88%
🇪🇸 Drag Race España: All Stars ⭐️-Season 1- 3rd/4th Juriji Der Klee
88%
No matching quizzes found
Score Distribution
Percent of People with Each Score
Percentile by Number Answered
Your Score History
You have not taken this quiz since the last reset